Reign of Henry VII - Statistics

General Stats
  • This quiz has been taken 4 times
  • The average score is 6 of 17
Answer Stats
Hint Answer % Correct
Who was the killed Plantagenet king Richard III
100%
Who was Henry VII first son Arthur
75%
Henry VII died and was succeed by his son Henry VIII
75%
What is the name of his house Tudor
75%
Historians consider this battle to mark the end of the Plantagenet dynasty, making it one of the defining moments of English history. Bosworth Field
50%
Whom was married to this Aragon princess later married his brother Catherine
50%
He married his princess of York to united the two rivaling factions Elizabeth
50%
Historians have compared Henry VII with his continental contemporaries like French king and Catherine father Ferdinand II. What is the french king name Louis XI
50%
In 1490, a young Fleming, appeared and claimed to be Richard of Shrewsbury, the younger of the "Princes in the Tower" Perkin Warbeck
50%
Yorkists led by Lincoln rebelled in support of this boy who they claimed to be Edward of Warwick (who was actually a prisoner in the Tower) Lambert Simnel
25%
What killed him a sickness known as Sweating sickness
25%
He commissioned Europe's first ever and the world's oldest surviving at Portsmouth in 1495 for the navy Dry dock
0%
He spent troops to Brittany to supported they war against France Mad War
0%
Henry VII established this as a standard of weight; it later became part of the Imperial and customary systems of units. Pound avoirdupois
0%
To secure his hold on the throne, Henry declared himself king by Right of conquest
0%
Was the first armed uprising against King Henry VII Stafford and Lovell rebellion
0%
They were defeated and Lincoln was killed Stoke Field
0%
No matching quizzes found
Score Distribution
Percent of People with Each Score
Percentile by Number Answered
Your Score History
You have not taken this quiz